000 00319 a2200157 4500
001 182775
020 _a
040 _cMagnum
100 _aRangel, Flávio
240 1 0 _aLiberdade liberdade
_lpor
245 1 0 _aLiberdade liberdade
300 _a127
362 0 _a1987
697 _aLITERATURA GERAL
942 _cBK
999 _c182775
_d182775